Správa o činnosti ústavu za rok 1986

Gespeichert in:
Bibliographische Detailangaben
Format: Buch
Sprache:Slowakisch
Veröffentlicht: Bratislava Ústav vedecko-zdravotníckych informácií 1987
Tags: Tag hinzufügen
Keine Tags, Fügen Sie das erste Tag hinzu!

MARC

LEADER 00000nam a2200000 4500
001 c026421
005 20250513083455.7
041 0 |a slo 
044 |a SK 
245 1 0 |a Správa o činnosti ústavu za rok 1986 
264 1 |a Bratislava  |b Ústav vedecko-zdravotníckych informácií  |c 1987 
300 |a 55 s.